LEADER 01188nam a2200217 i 4500 001 000000225598 003 CaOOAMICUS 005 20250423102320.0 008 131212s1797 it u000 u fre u 013 $a204500 026 $ae.le e.o- tage l'et (3) 1797 (A) 040 $aSeMil$bita 245 10$aTome 1. 300 $a[4], XCII, [2], 285, [1] p. 500 $aIniziano con proprio occhietto, a c. b7r: Eloge de du Marsais, par D'Alembert; chi1r: Exposition d'une methode raisonnee pour apprendre la langue latine; a c. C6r: Le poeme seculaire d'Horace; a c. F1r: Remarques sur les articles LII et LIII des Memoires de Trevoux, du mois de mai 1723; a c. K2r: Lettre a Mr ***; a c. L3r: Reflexions sur la methode de m. Le Fevre de Saumur; a c. M3r: Les veritables principes de la grammaire. 500 $aSegn.: pg2 a-e8 f6 chi1 A-R8 S4(-S4) 773 0 $aDu Marsais, Cesar Chesneau <1676-1756>$tOeuvres de Du Marsais. Tome 1. [-7.].$dA Paris : De l'Imprimerie de Pougin, 1797, An V..$g1$w()29244 850 $aSeMil 852 $aSeMil$W1$xVenegono$y1$m2R IV 65 FA$j175944$B175944$CSeMilBibl$Z2$F186449 $8I 996 $6245$aTome 1$9(OLS)http://semarc/title/1447 LEADER 01321nam a2200217 i 4500 001 000000228750 003 CaOOAMICUS 005 20140410000000.0 008 140410s1606 it u000 u ita u 013 $a207652 026 $aseo, a-ta mesi tafr (3) 1606 (R) 040 $aSeMil$bita 245 10$aTomo 6, et ultimo volume. Nel quale si contengono (a imitazione del Padre Surio) quelle di novembre, e dicembre. Con aggiunta d'alcune, non state messe, per giuste cagioni, ai luoghi loro. 300 $a[4], 151, 1 c. :$bill. 500 $aEmblema dei Camaldolesi sul front. - Fondo Bidoglio. 773 0 $tDelle vite delle donne illustri per santita, raccolte dal p. abate don Siluano Razzi camaldolense. Tomo primo [-sesto]. Contenente (à immitazione del P. Surio) quelle di gennaio, e febbraio [-nouembre, e dicembre]. Nuouamente date in luce.$dIn Fiorenza : Appresso gl'Heredi di Giunti, 1595-1606$g6$w()9786 850 $aSeMil 852 $aSeMil$W1$xVenegono$y1$m3D IV 145 FA$j179096$B179096$CSeMilBibl$Z2$F190166 $8I 941 1 $a2 961 $aLascito: Bidoglio don Maurizio 996 $6245$aTomo 6, et ultimo volume. Nel quale si contengono (a imitazione del Padre Surio) quelle di novembre, e dicembre. Con aggiunta d'alcune, non state messe, per giuste cagioni, ai luoghi loro$9(OLS)http://semarc/title/327411